Every English Football League Club Ending in “Town” - Statistics

General Stats
  • This quiz has been taken 1,736 times
  • The average score is 7 of 20
Answer Stats
Clubs % Correct
Ipswich Town
84%
Luton Town
77%
Huddersfield Town
67%
Swindon Town
55%
Northampton Town
50%
Grimsby Town
45%
Mansfield Town
44%
Cheltenham Town
34%
Crawley Town
32%
Fleetwood Town
32%
Macclesfield Town
32%
Shrewsbury Town
32%
Yeovil Town
32%
Harrogate Town
29%
Halifax Town
26%
Aldershot Town
21%
Chesterfield Town
16%
Swansea Town
15%
Rotherham Town
12%
Merthyr Town
5%
No matching quizzes found
Score Distribution
Percent of People with Each Score
Percentile by Number Answered
Your Score History
You have not taken this quiz